Social Science Information Gateway (Record no. 120243)
[ view plain ]
| 000 -LEADER | |
|---|---|
| fixed length control field | 00908cam a2200205 4500 |
| 001 - CONTROL NUMBER | |
| control field | WS121814 |
| 008 - FIXED-LENGTH DATA ELEMENTS--GENERAL INFORMATION | |
| fixed length control field | 030331n 000 0 eng u |
| 035 ## - SYSTEM CONTROL NUMBER | |
| System control number | (Sirsi) u121814 |
| 245 ## - TITLE STATEMENT | |
| Title | Social Science Information Gateway |
| 520 ## - SUMMARY, ETC. | |
| Summary, etc. | Web site for this online database if high quality internet resources which 'aims to provide a trusted source of selected, high quality internet information for students, academics, researchers and practitioners in the social sciences, business and law'. It is part of the UK Resource Discovery Network and covers management, economics, environmental sciences, law and statistics. |
| 650 ## - SUBJECT ADDED ENTRY--TOPICAL TERM | |
| Topical term or geographic name entry element | PORTALS |
| 650 ## - SUBJECT ADDED ENTRY--TOPICAL TERM | |
| Topical term or geographic name entry element | ECONOMICS |
| 650 ## - SUBJECT ADDED ENTRY--TOPICAL TERM | |
| Topical term or geographic name entry element | MANAGEMENT |
| 650 ## - SUBJECT ADDED ENTRY--TOPICAL TERM | |
| Topical term or geographic name entry element | ENVIRONMENTAL SERVICES |
| 650 ## - SUBJECT ADDED ENTRY--TOPICAL TERM | |
| Topical term or geographic name entry element | GEOGRAPHY |
| 650 ## - SUBJECT ADDED ENTRY--TOPICAL TERM | |
| Topical term or geographic name entry element | LAW |
| 650 ## - SUBJECT ADDED ENTRY--TOPICAL TERM | |
| Topical term or geographic name entry element | STATISTICS |
| 856 40 - ELECTRONIC LOCATION AND ACCESS | |
| Uniform Resource Identifier | <a href="https://www.sosig.ac.uk">https://www.sosig.ac.uk</a> |
| Public note | View the website free of charge at www.sosig.ac.uk... |
| 942 ## - ADDED ENTRY ELEMENTS (KOHA) | |
| Suppress in OPAC | 0 |
| Withdrawn status | Lost status | Source of classification or shelving scheme | Damaged status | Not for loan | Home library | Current library | Shelving location | Date acquired | Total Checkouts | Full call number | Barcode | Date last seen | Copy number | Price effective from | Koha item type |
|---|---|---|---|---|---|---|---|---|---|---|---|---|---|---|---|
| Dewey Decimal Classification | Virtual | Virtual | Online | 31/03/2003 | WEB SITE | 121814-2001 | 06/08/2019 | 1 | 06/08/2019 | Online material |